[Event "Parthenope op 5th"]
[White "Taurisano, Vincenzo"]
[Black "Trematerra, Massimiliano"]
[Site "Napoli"]
[Round "1"]
[Result "1-0"]
[Date "2013.05.09"]
[WhiteElo "1862"]
[BlackElo "1463"]
[PlyCount "57"]
[EventDate "2013.05.09"]
[EventType "swiss"]
[EventRounds "7"]
[EventCountry "ITA"]
[SourceTitle "EXT 2014"]
[Source "ChessBase"]
[SourceDate "2013.11.20"]
[SourceVersion "1"]
[SourceVersionDate "2013.11.20"]
[SourceQuality "1"]

1. e4 c5 2. d4 cxd4 3. c3 d5 4. Qxd4 dxe4 5. Qxe4 Nf6 6. Qc2 Qa5 7. Nf3 Nc6 8. Bd3 e5 9. 0-0 Bd6 10. Nbd2 Bd7 11. Nc4 Qc7 12. Bg5 Nh5 13. Rad1 h6 14. Bc1 Be7 15. Rfe1 Bf6 16. Bf5 Bxf5 17. Qxf5 Ne7 18. Qg4 Nf4 19. Ncxe5 Ne6 20. Nxf7 0-0 21. Nxh6+ Kh7 22. Rxe6 gxh6 23. Qh5 Ng8 24. Red6 Rf7 25. Ng5+ Bxg5 26. Bxg5 Qc5 27. Qxf7+ Kh8 28. Rxh6+ Nxh6 29. Bf6# 1-0

[Event "Napoli Province-ch"]
[White "Trematerra, Massimiliano"]
[Black "Esposito, Rosario"]
[Site "Napoli"]
[Round "1"]
[Result "0-1"]
[Date "2012.11.22"]
[WhiteElo "1461"]
[BlackElo "1830"]
[PlyCount "50"]
[EventDate "2012.11.22"]
[EventType "swiss"]
[EventRounds "7"]
[EventCountry "ITA"]
[SourceTitle "EXT 2014"]
[Source "ChessBase"]
[SourceDate "2013.11.20"]
[SourceVersion "1"]
[SourceVersionDate "2013.11.20"]
[SourceQuality "1"]

1. d4 Nf6 2. c4 g6 3. Nc3 d5 4. Bf4 Bg7 5. e3 c5 6. Bd3 cxd4 7. exd4 0-0 8. Nge2 Nc6 9. Be5 dxc4 10. Bxc4 Nxe5 11. dxe5 Ng4 12. Qxd8 Rxd8 13. f4 Ne3 14. Bb3 Nxg2+ 15. Kf2 Nh4 16. Ne4 Bg4 17. Rae1 Bxe2 18. Rxe2 Nf5 19. e6 Bd4+ 20. Kf3 f6 21. Ba4 Bb6 22. Bd7 Nd4+ 23. Kf2 Nxe6+ 24. Kf3 Nd4+ 25. Kg3 Nxe2+ 0-1

[Event "Amantea op-B 9th"]
[White "Andreani, Carlo"]
[Black "Trematerra, Massimiliano"]
[Site "Amantea"]
[Round "5"]
[Result "1-0"]
[Date "2011.09.08"]
[WhiteElo "1386"]
[BlackElo "1511"]
[PlyCount "31"]
[EventDate "2011.09.04"]
[EventType "swiss"]
[EventRounds "8"]
[EventCountry "ITA"]
[SourceTitle "EXT 2014"]
[Source "ChessBase"]
[SourceDate "2013.11.20"]
[SourceVersion "1"]
[SourceVersionDate "2013.11.20"]
[SourceQuality "1"]

1. b3 c5 2. Bb2 Nc6 3. e3 e6 4. Bb5 Nge7 5. Nc3 a6 6. Bxc6 Nxc6 7. Nf3 d5 8. Qe2 Bd6 9. 0-0-0 0-0 10. h4 h6 11. g4 Be7 12. Rdg1 g5 13. hxg5 Bxg5 14. Ne1 e5 15. Nd3 Re8 16. Qf1 1-0